000 01144nam0a2200301 4500
001 RU\NLR\ONL1\686
005 20260407070902.0
035 _a(NLR Aleph) 009629444
090 _a9483991
_c9483991
100 _a20020218d1933 u y0rusy50 ca
101 0 _avep
102 _aRU
105 _aa |||||||||
200 1 _aArifmetikan openduskirj nacal'nijale skolale
_eGast 1.
_fPopova N. S.
210 _aL.
_cKirja
_d1933
215 _a68, [2] c.
_cил.
_d22
541 1 _6z01790
_aУчебник арифметики для начальной школы
_zrus
606 0 _aАрифметика
_91005829
_3RU\NLR\auth\6664428
686 1 _aВ10я71
700 1 _4070
_7ba
_8rus
_aPopova
_bN. S.
_cпедагог-математик
_f1885-1975
_gNatal'ja Sergeevna
_3RU\NLR\AUTH\770198606
_9198555
790 1 _4070
_7ca
_8rus
_aПопова
_bН. С.
_cпедагог-математик
_f1885-1975
_gНаталья Сергеевна
_3RU\NLR\AUTH\770198576
_9198525
801 0 _aRU
_bNLR
_c20020218
_gPSBO
852 _aNLR
_bОНЛ
_jВепс./3-18
899 _aНБ РК
942 _cBOOK
980 _aNB